Learning Resource and Development

Camarines sur polytechnic colleges Nabua, Camarines Sur graduate school research journal. (Record no. 32067)

MARC details
000 -LEADER
fixed length control field 01110nam a2200277 i 4500
003 - CONTROL NUMBER IDENTIFIER
control field CSPC
005 - DATE AND TIME OF LATEST TRANSACTION
control field 20260316144024.0
008 - FIXED-LENGTH DATA ELEMENTS--GENERAL INFORMATION
fixed length control field 260316c2003 ph r j i 00 0 eng d
022 ## - INTERNATIONAL STANDARD SERIAL NUMBER
International Standard Serial Number 1655-1591
040 ## - CATALOGING SOURCE
Original cataloging agency CSPC
Language of cataloging eng
Transcribing agency CSPC
Description conventions rda
245 00 - TITLE STATEMENT
Title Camarines sur polytechnic colleges Nabua, Camarines Sur graduate school research journal.
264 #1 - PRODUCTION, PUBLICATION, DISTRIBUTION, MANUFACTURE, AND COPYRIGHT NOTICE
Place of production, publication, distribution, manufacture Nabua Camarines Sur :
Name of producer, publisher, distributor, manufacturer Camarines Sur Polytechnic Colleges,
Date of production, publication, distribution, manufacture, or copyright notice 2003.
300 ## - PHYSICAL DESCRIPTION
Extent volumes :
Other physical details illustrations ;
Dimensions 21 cm.
336 ## - CONTENT TYPE
Source rdacontent
Content type term text
337 ## - MEDIA TYPE
Source rdamedia
Media type term unmediated
338 ## - CARRIER TYPE
Source rdacarrier
Carrier type term volumes
362 ## - DATES OF PUBLICATION AND/OR SEQUENTIAL DESIGNATION
Dates of publication and/or sequential designation Volume 4, Number 1
504 ## - BIBLIOGRAPHY, ETC. NOTE
Bibliography, etc. note Includes bibliographical references
650 #4 - SUBJECT ADDED ENTRY--TOPICAL TERM
Source of heading or term Research
Topical term or geographic name entry element Universities and colleges
General subdivision Periodicals
Geographic subdivision Philippines
650 #4 - SUBJECT ADDED ENTRY--TOPICAL TERM
Topical term or geographic name entry element Graduate students
General subdivision Periodicals
650 #4 - SUBJECT ADDED ENTRY--TOPICAL TERM
Topical term or geographic name entry element Multidisciplinary research
General subdivision Periodicals
650 #4 - SUBJECT ADDED ENTRY--TOPICAL TERM
Topical term or geographic name entry element Camarines Sur Polytechnic Colleges
General subdivision Periodicals
700 1# - ADDED ENTRY--PERSONAL NAME
Personal name Ilarde, Monsito G.,
Relator term editor.
942 ## - ADDED ENTRY ELEMENTS (KOHA)
Source of classification or shelving scheme Dewey Decimal Classification
Suppress in OPAC No
Koha item type Serials
Classification part 001.305
Item part C140
Call number prefix SER
Call number suffix 2003
Holdings
Withdrawn status Lost status Source of classification or shelving scheme Damaged status Not for loan Home library Current library Shelving location Date acquired Total Checkouts Full call number Barcode Date last seen Copy number Price effective from Koha item type Public note
    Dewey Decimal Classification   Not For Loan Main Library Main Library Serials 03/16/2026   Ser RES 1 v.4 n.1 2002 01663S 03/16/2026 1-1 03/16/2026 Serials Journal